chiffre 3 - culture générale - Statistiques

Statistiques générales
  • Ce quiz a été pris 124 fois
  • Le résultat moyen est 10 sur 15
Statistiques - réponses
Indice Réponse % Correct
Quel célèbre nombre irrationnel commence par 3,14 ? Pi
100%
Quel chiffre ce trouve sur la face opposé à celle du 3 sur un dé ? 4
97%
Quel est le carré de 3 ? 9
95%
Pour dire qu'il est "3 heures" de l'après-midi on peut aussi dire ? 15 heures
94%
Quelle est la paire de chromosomes concerné par la trisomie la plus connue ? 21
94%
Comment s'appelle le troisième neveu de Donald Duck ? Riri, Fifi et ____ . Loulou
94%
Quel groupe de musique a composé la musique : trois nuits par semaine ? Indochine
92%
Qui a écrit le roman : les trois mousquetaires ? Alexandre Dumas
90%
Quel est le nom du groupe de comédiens jouant dans le film " les trois frères " ? Les inconnus
85%
Quel célèbre grecque était caché dans le cheval de Troie ? Ulysse
69%
Quel est le nom du jeux de société inspiré par le jeu de dominos où l'on retrouve des pièces de jeu à trois faces ? Triomino
61%
Quel département français porte le numéro 3 ? L'allier
55%
Quel animal est utilisé dans l'expression suivante : trois _____ trottent sur un toit très étroit ? Tortues
20%
Quel était le surnom donné au roi Louis III ? Le jeune
1%
Quel nom est utilisé pour désigner un voilier à trois mats ? Une barque
0%
Aucun quiz correspondant
Distribution des résultats
% des personnes avec chaque résultat
Percentile par nombre de réponses
Votre historique - résultats
Vous n’avez pas pris ce quiz